000 01521cam a2200361 a 4500
999 _c128995
_d128995
001 3037077
003 ARRUPE
005 20190214091208.0
008 960201s1996 mou 001 0 eng
010 _a 95081837
020 _a1880810204 (pbk.)
040 _aDLC
_cDLC
_dDLC
041 1 _aeng
_hlat
050 0 0 _aBX2179.L9
_bF57 1996
082 0 0 _a248.3
_220
100 1 _aFleming, David L.,
_d1934-2011.
_928516
245 1 0 _aDraw me into your friendship :
_ba literal translation and a contemporary reading of The spiritual exercises /
_cDavid L. Fleming.
246 3 0 _aLiteral translation and a contemporary reading of The spiritual exercises
246 1 _iOther title info. from spine:
_aThe spiritual exercises
260 _aSt. Louis, Mo. :
_bInstitute of Jesuit Sources,
_c1996.
300 _avi, 302 p. ;
_c21 cm.
490 1 _aSeries IV--Studies on Jesuit topics ;
_vno. 17
500 _a"Newly revised version"--P. 4 of cover.
500 _aIncludes index.
600 0 0 _aIgnatius,
_cof Loyola, Saint,
_d1491-1556.
_tExercitia spiritualia.
_944628
650 _aSpiritual Exercises
_xCommentaries
_922868
700 0 2 _aIgnatius,
_cof Loyola, Saint,
_d1491-1556.
_tExercitia spiritualia.
_lEnglish.
_944629
710 2 _aInstitute of Jesuit Sources.
_944630
830 0 _aSeries IV--Study aids on Jesuit topics ;
_vno. 17.
_944631
906 _a7
_bcbc
_corignew
_d2
_eopcn
_f19
_gy-gencatlg
942 _2lcc
_cMONOGRAPH